| 000 | 00523nam a22001691i 4500 | ||
|---|---|---|---|
| 001 | 1132 | ||
| 090 | _a1132 | ||
| 100 | _a20170304u u u0frey50 ba | ||
| 200 | 1 |
_fAlberto Merani _aNatureza Humana e Educação |
|
| 215 |
_a189p _d'21 cm' |
||
| 700 | 1 |
_aMerani _bAlberto _4070 |
|
| 701 | 1 |
_aSantos Leonor _4730 |
|
| 210 |
_cNotícias _aLisboa _d1978 |
||
| 225 | 2 |
_aPedagogia _v7 |
|
| 410 | 0 | _tPedagogia | |
| 996 |
_f0001228 _kMER _m00000000 _n00000000 _aBMVA _b1 _vViana do Alentejo _xEducação. Ensino. Pedagogia _y21 _eLivro _10 _31 |
||
| 990 | _cLIVROS | ||